00522nam a22001097a 450000500170000000800410001702000180005824500440007626000580012050002140017865000200039220241126200729.0241126b |||||||| |||| 00| 0 eng d a9780406016682 aThe All England Law Reports 1993 Vol. 3 aLondon, UKbButterworths & Co. (Publishing) Ltdc1993 aEditor ; Hutchesson Peter LLM. Barrister, New Zealand. Assistant Editor ; Watson Brook of Lincoln Inn, Barrister and of the New South Wales Bar. Consulting Editor : Shockett Wendy of Gray's Inn, Barrister.  2Law ReportsxUK